[Event "Match"]
[Site "www.echecsemail.com"]
[Date "2015.04.30"]
[Round "1"]
[White "Neo"]
[Black "Umzi"]
[WhiteElo "1690"]
[BlackElo "2130"]
[Result "0-1"]
[Round "1"]
1.d4 d5
2.e3 Ng8f6
3.Bc1d2 e6
4.Bf1e2 Nb8c6
5.Ng1f3 Bf8d6
6.O-O O-O
7.h3 Nc6e7
8.Nf3e5 Nf6e4
9.Be2f3 f5
10.Bf3xe4 fxe4
11.Nb1c3 Bd6xe5
12.dxe5 Ne7c6
13.Nc3a4 Nc6xe5
14.Bd2c3 Ne5g6
15.Na4c5 b6
16.Nc5b3 e5
17.Bc3b4 Rf8f7
18.a3 Qd8g5
19.Qd1e2 Bc8xh3
20.f3 exf3
21.Rf1xf3 Rf7xf3
22.Qe2xf3 Bh3e6
23.Nb3d2 e4
24.Qf3f2 c5
25.Bb4c3 Ra8f8
26.Qf2e1 Qg5g4
27.Nd2f1 h5
28.Nf1h2 Qg4h4
29.g3 Qh4d8
30.Qe1e2 Qd8d7
31.Qe2xh5 Ng6e7
32.Qh5g5 d4
33.exd4 cxd4
34.Bc3b4 Rf8f7
35.c3 e3
36.cxd4 a5
37.Bb4c3 Ne7d5
38.Ra1e1 Rf7f6
39.Qg5h5 Be6f7
40.Qh5e5 Rf6g6
41.Nh2f3 Qd7g4
42.Qe5b8 Kh7
43.Kg2 Rg6h6
44.Nf3e5 Qg4h3
45.Kf3 Rh6f6
46.Ke2 Rf6f2
47.Kd3 Qh3f5
48.Kc4 Nd5xc3
49.Ne5xf7 b5
50.Kb3 Qf5xf7
51.Kxc3 Qf7c4

0-1

[Event "Match"]
[Site "www.echecsemail.com"]
[Date "2015.04.30"]
[Round "1"]
[White "Acucar1"]
[Black "Reanna"]
[WhiteElo "1500"]
[BlackElo "1620"]
[Result "0-1"]
[Round "1"]
1.e4 e5
2.Ng1f3 d6
3.d3 Ng8f6
4.Nb1c3 Bf8e7
5.Bf1e2 O-O
6.O-O Nb8c6
7.a3 Nf6g4
8.h3 Ng4xf2
9.Rf1xf2 a6
10.b4 Nc6d4
11.Bc1e3 f5
12.Be3xd4 exd4
13.Nf3xd4 f4
14.Nc3d5 Be7g5
15.Qd1d2 c6
16.Nd5c3 f3
17.gxf3 Bg5xd2
18.Nc3d1 Qd8g5
19.Kf1 Bc8xh3
20.Rf2g2 Qg5xg2
{ resign }
0-1

[Event "Match"]
[Site "www.echecsemail.com"]
[Date "2015.04.30"]
[Round "1"]
[White "Vinvangogh"]
[Black "Bbking"]
[WhiteElo "1550"]
[BlackElo "1470"]
[Result "1-0"]
[Round "1"]
1.e4 e5
2.Ng1f3 Nb8c6
3.Bf1b5 a6
4.Bb5c4 Bf8c5
5.d3 Ng8f6
6.Bc1g5 h6
7.Bg5xf6 Qd8xf6
8.O-O O-O
9.Nb1c3 d6
10.Nc3d5 Qf6d8
11.b4 Bc5b6
12.a4 Nc6xb4
13.Nd5xb4 Bc8g4
14.Nb4d5 Bg4xf3
15.Qd1xf3 Qd8g5
16.g3 a5
17.h4 Qg5d2
18.Nd5e7 Kh8
19.Bc4xf7 Qd2xc2
20.Ne7g6 Kh7
21.g4 Qc2d2
22.Ra1c1 c5
23.d4 Qd2xd4
24.g5 hxg5
25.Qf3h5 { resign }
1-0

[Event "Match"]
[Site "www.echecsemail.com"]
[Date "2015.04.30"]
[Round "1"]
[White "Susov"]
[Black "F14"]
[WhiteElo "1800"]
[BlackElo "1870"]
[Result "0-1"]
[Round "1"]
1.e4 c5
2.Ng1f3 d6
3.d4 cxd4
4.Qd1xd4 Nb8c6
5.Bf1b5 Bc8d7
6.Bb5xc6 Bd7xc6
7.Nb1c3 Ng8f6
8.Bc1g5 Qd8c7
9.Bg5xf6 gxf6
10.Qd4e3 Bf8g7
11.O-O e6
12.Ra1d1 O-O
13.Nc3e2 Rf8e8
14.c4 b6
15.b4 Ra8d8
16.b5 Bc6b7
17.a4 Qc7xc4
18.Ne2c3 f5
19.Nf3d2 Qc4c5
20.Qe3xc5 dxc5
21.Nc3e2 fxe4
22.Ne2g3 Rd8d4
23.Ng3h5 Re8d8
24.h3 Rd4xd2
25.Rd1xd2 Rd8xd2
26.Kh2 c4
27.Nh5g3 e3
28.Ng3e4 Bb7xe4
29.f3 e2
30.Rf1e1 Be4d3
{ resign }
0-1

[Event "1/128 Finale"]
[Site "www.chess-mail.com"]
[Date "2015.04.30"]
[Round "1"]
[White "Chtoubidou"]
[Black "Chesspower"]
[WhiteElo "1880"]
[BlackElo "1730"]
[Result "1/2-1/2"]
[Round "1"]
1.c4 f5
2.Nb1c3 Ng8f6
3.g3 e6
4.Bf1g2 c6
5.d4 d5
6.cxd5 exd5
7.Bc1g5 Bf8b4
8.e3 O-O
9.Ng1e2 Qd8e8
10.Bg5xf6 Rf8xf6
11.a3 Bb4d6
12.O-O Nb8d7
13.Ra1c1 Nd7b6
14.Nc3a4 Nb6xa4
15.Qd1xa4 Bc8d7
16.Qa4d1 Qe8e7
17.Qd1d3 Ra8f8
18.Ne2f4 Bd6xf4
19.exf4 Bd7e6
20.Rf1e1 Qe7f7
21.Re1e5 Rf8e8
{ draw }
1/2-1/2

[Event "1/16 Finale"]
[Site "www.chess-mail.com"]
[Date "2015.04.30"]
[Round "1"]
[White "Hali"]
[Black "Szustan"]
[WhiteElo "2190"]
[BlackElo "2590"]
[Result "0-1"]
[Round "1"]
1.e4 e5
2.Nb1c3 Ng8f6
3.f4 d5
4.fxe5 Nf6xe4
5.Qd1f3 Nb8c6
6.Bf1b5 Ne4xc3
7.dxc3 Qd8h4
8.g3 Qh4e4
9.Qf3xe4 dxe4
10.Bb5xc6 bxc6
11.Bc1f4 Bf8c5
12.O-O-O Bc5f2
13.Rd1d2 e3
14.Rd2d3 Bc8f5
15.Rd3d1 h6
16.h4 Ra8d8
17.Ng1e2 Rd8xd1
18.Kxd1 Ke7
19.Ne2d4 Bf5g4
20.Kc1 c5
21.Nd4c6 Ke6
22.Nc6a5 Bg4f3
{ resign }
0-1

[Event "Eq:THE KILLERS 1-BEAC Hungary : "]
[Site "www.chess-mail.com"]
[Date "2015.04.30"]
[Round "1"]
[White "Fkarpov"]
[Black "Difficult"]
[WhiteElo "2060"]
[BlackElo "2140"]
[Result "1-0"]
[Round "1"]
1.e4 d5
2.exd5 Qd8xd5
3.Nb1c3 Qd5a5
4.Bf1c4 c6
5.Ng1f3 Bc8f5
6.Nf3g5 e6
7.O-O Ng8f6
8.d3 Bf8e7
9.Qd1d2 O-O
10.Ng5e4 Bf5xe4
11.Nc3xe4 Qa5xd2
12.Bc1xd2 Nf6xe4
13.dxe4 e5
14.Ra1d1 Rf8d8
15.Bd2a5 Rd8xd1
16.Rf1xd1 b6
17.Ba5c3 b5
18.Bc4b3 a5
19.a4 Nb8a6
20.axb5 cxb5
21.Bb3d5 { resign }
1-0

[Event "Eq:Clubul Central de Sah-BEAC Hungary : "]
[Site "www.chess-mail.com"]
[Date "2015.04.30"]
[Round "1"]
[White "Rocadamica"]
[Black "Hali"]
[WhiteElo "2780"]
[BlackElo "2190"]
[Result "1-0"]
[Round "1"]
1.e4 c5
2.Ng1f3 Nb8c6
3.d4 cxd4
4.Nf3xd4 Ng8f6
5.Nb1c3 e5
6.Nd4b5 d6
7.Bc1g5 a6
8.Nb5a3 b5
9.Bg5xf6 gxf6
10.Nc3d5 Bf8g7
11.Bf1d3 Nc6e7
12.Nd5xe7 Qd8xe7
13.c4 f5
14.O-O O-O
15.Qd1h5 Ra8b8
16.exf5 e4
17.Ra1e1 Bg7xb2
18.Re1xe4 Qe7f6
19.Re4h4 h6
20.Na3c2 bxc4
21.Nc2e3 Qf6g5
22.Rh4g4 cxd3
23.Rg4xg5 hxg5
24.Ne3d5 Rf8e8
25.f6 Re8e6
26.Qh5xg5 Kf8
27.Qg5g7 Ke8
28.Qg7g8 Kd7
29.Qg8xf7 Kc6
30.Nd5e7 { resign }
1-0

[Event "Fast Game"]
[Site "www.echecsemail.com"]
[Date "2015.04.30"]
[Round "1"]
[White "Anja"]
[Black "Attatroll"]
[WhiteElo "1729"]
[BlackElo "1810"]
[Result "0-1"]
[Round "1"]
1.d4 Ng8f6
2.Ng1f3 g6
3.Bc1f4 d6
4.c4 Bf8g7
5.Nb1c3 O-O
6.e4 c6
7.Bf1e2 Nb8d7
8.O-O Nd7b6
9.Qd1d2 Bc8g4
10.h3 Bg4d7
11.Bf4h6 d5
12.e5 Nf6e8
13.c5 Nb6c8
14.h4 e6
15.Bh6xg7 Kxg7
16.h5 Nc8e7
17.hxg6 hxg6
 { time }
0-1

[Event "Tourn. n8060"]
[Site "www.chess-mail.com"]
[Date "2015.04.30"]
[Round "1"]
[White "Julian"]
[Black "Difficult"]
[WhiteElo "2000"]
[BlackElo "2080"]
[Result "0-1"]
[Round "1"]
1.e4 c5
2.Ng1f3 Nb8c6
3.c3 d5
4.e5 a6
5.d4 cxd4
6.cxd4 Bc8g4
7.Bf1e2 e6
8.O-O Qd8b6
9.Nb1d2 Ng8h6
10.Nd2b3 Nh6f5
11.Bc1g5 Bf8e7
12.Bg5xe7 Nc6xe7
13.Nb3c5 O-O
14.Nc5d7 Qb6xb2
15.Ra1b1 Qb2xa2
16.Rb1xb7 Rf8d8
17.h3 Bg4xf3
18.Be2xf3 Ne7c6
19.g4 Nf5xd4
20.Bf3g2 Nd4e2
21.Kh1 Ne2f4
22.Qd1f3 Nf4xg2
23.Kxg2 Ra8a7
24.Rb7xa7 Nc6xa7
25.Nd7c5 Na7b5
26.Nc5d3 Qa2c4
27.Rf1c1 Qc4e4
28.Qf3xe4 dxe4
29.Nd3b4 a5
30.Nb4a6 g6
31.Rc1c5 Rd8d5
32.Rc5c8 Kg7
33.f4 Rd5d2
34.Kf1 e3
35.Rc8c5 Nb5d4
36.Rc5xa5 Rd2f2
37.Ke1 Nd4f3
38.Kd1 e2
{ resign }
0-1

[Event "Tourn. n8174"]
[Site "www.chess-mail.com"]
[Date "2015.04.30"]
[Round "1"]
[White "Grimsby"]
[Black "Zazi"]
[WhiteElo "1700"]
[BlackElo "1600"]
[Result "1/2-1/2"]
[Round "1"]
1.e4 e5
2.Bf1c4 Qd8g5
3.Ng1f3 Qg5xg2
4.Rh1g1 Qg2h3
5.Bc4xf7 Ke7
6.Rg1g3 Qh3h6
7.d4 Qh6b6
8.Bf7xg8 Rh8xg8
9.Nb1c3 exd4
10.Qd1xd4 c5
11.Bc1g5 Ke8
12.Qd4e5 Qb6e6
13.Nc3d5 Bf8d6
14.Qe5xe6 dxe6
15.Bg5f4 exd5
16.Bf4xd6 dxe4
17.Nf3g5 Bc8f5
18.Bd6xc5 Nb8a6
19.Bc5a3 b5
20.c3 h6
21.Ng5h3 g5
22.O-O-O Ra8b8
23.Ba3d6 Rb8b6
24.Nh3f4 Kf7
25.Nf4e2 Rg8g6
26.Bd6e5 Na6c5
27.Be5d4 Nc5d3
28.Kb1 { draw }
1/2-1/2

[Event "Tourn. n8184"]
[Site "www.chess-mail.com"]
[Date "2015.04.30"]
[Round "1"]
[White "Blackpool"]
[Black "Jasonbarlow7"]
[WhiteElo "1840"]
[BlackElo "1919"]
[Result "0-1"]
[Round "1"]
1.d4 d5
2.c4 Ng8f6
3.cxd5 Qd8xd5
4.Nb1c3 Qd5a5
5.Ng1f3 g6
6.Bc1d2 Qa5b6
7.b3 Bf8g7
8.e3 O-O
9.Bf1e2 Bc8e6
10.O-O c6
11.Qd1c2 Be6f5
12.Be2d3 Rf8e8
13.Bd3xf5 { time. }
0-1

[Event "Tourn. n8150"]
[Site "www.chess-mail.com"]
[Date "2015.04.30"]
[Round "1"]
[White "Cardiff"]
[Black "Wegaman"]
[WhiteElo "1970"]
[BlackElo "1880"]
[Result "1/2-1/2"]
[Round "1"]
1.d4 d5
2.Bc1f4 Ng8f6
3.e3 e6
4.Ng1f3 Bf8e7
5.Nb1d2 O-O
6.Bf1d3 Nb8c6
7.O-O Bc8d7
8.a3 a6
9.Nf3e5 Ra8c8
10.Nd2f3 Bd7e8
11.Ne5xc6 Be8xc6
12.Nf3e5 Bc6e8
13.h3 c5
14.c3 b5
15.Ra1c1 c4
16.Bd3b1 Nf6d7
17.Ne5xd7 Qd8xd7
18.Qd1c2 g6
19.Bf4h6 Qd7d6
20.e4 dxe4
21.Qc2xe4 Be8c6
22.Qe4e2 { draw }
1/2-1/2

[Event "Tourn. n8167"]
[Site "www.chess-mail.com"]
[Date "2015.04.30"]
[Round "1"]
[White "Anja"]
[Black "Blackpool"]
[WhiteElo "1670"]
[BlackElo "1890"]
[Result "1-0"]
[Round "1"]
1.d4 f5
2.e4 fxe4
3.Qd1h5 g6
4.Qh5e5 Ng8f6
5.Nb1c3 d6
6.Qe5f4 Bf8g7
7.Nc3xe4 O-O
8.Bf1d3 Nf6g4
9.Qf4g3 Bg7xd4
10.Ng1f3 Bd4g7
11.c3 Ng4e5
12.Nf3xe5 Bg7xe5
{ time. }
1-0

[Event "Tourn. n8149"]
[Site "www.chess-mail.com"]
[Date "2015.04.30"]
[Round "1"]
[White "Difficult"]
[Black "Averoes"]
[WhiteElo "2040"]
[BlackElo "2160"]
[Result "1/2-1/2"]
[Round "1"]
1.c4 Ng8f6
2.Nb1c3 c5
3.Ng1f3 Nb8c6
4.d4 cxd4
5.Nf3xd4 d6
6.e4 g6
7.Bf1e2 Bf8g7
8.Bc1e3 O-O
9.h3 Bc8d7
10.O-O Qd8a5
11.Nd4b3 Qa5d8
12.c5 dxc5
13.Nb3xc5 Bd7c8
14.Qd1c2 Nf6d7
15.Ra1d1 Qd8e8
16.Nc3d5 Bg7e5
17.f4 Be5d6
18.a3 Nd7b6
19.e5 Nb6xd5
20.Rd1xd5 Bc8f5
21.Be2d3 Bf5xd3
22.Qc2xd3 Bd6xc5
23.Be3xc5 Ra8d8
24.Rf1d1 Rd8xd5
25.Qd3xd5 { draw }
1/2-1/2

[Event "Match"]
[Site "www.echecsemail.com"]
[Date "2015.04.30"]
[Round "1"]
[White "Llord"]
[Black "Generalfree"]
[WhiteElo "1780"]
[BlackElo "1930"]
[Result "1/2-1/2"]
[Round "1"]
1.e4 e5
2.Ng1f3 Nb8c6
3.Bf1c4 Ng8f6
4.Nb1c3 Bf8c5
5.Nc3d5 Nc6d4
6.Nf3xd4 Bc5xd4
7.Nd5xf6 Qd8xf6
8.O-O c6
9.c3 Bd4b6
10.d3 h6
11.Bc1e3 c5
12.b4 cxb4
13.cxb4 Bb6xe3
14.fxe3 Qf6b6
15.Qd1f3 f6
16.Qf3h5 Kd8
17.Ra1e1 Qb6xb4
18.Qh5f7 Qb4f8
19.Qf7xf8 Rh8xf8
20.d4 exd4
21.exd4 d6
22.e5 dxe5
23.dxe5 a6
24.exf6 Rf8xf6
25.Rf1xf6 gxf6
26.Bc4f7 Bc8d7
27.Re1d1 Ke7
28.Bf7d5 Ra8b8
29.Rd1e1 Kf8
30.Re1f1 Kg7
31.Rf1f3 b5
32.Rf3g3 Kh7
33.Bd5e4 f5
34.Be4d5 Rb8c8
35.Kf2 Bd7c6
36.Bd5b3 a5
37.Bb3c2 Rc8f8
38.Ke3 Kh8
39.Rg3g6 f4
40.Kf2 Bc6a8
41.Rg6xh6 Kg8
42.Bc2b3 Kg7
43.Rh6b6 a4
44.Rb6xb5 axb3
45.axb3 f3
46.gxf3 Ba8xf3
47.Rb5g5 Kh6
48.Rg5g3 Bf3h5
49.Ke3 Rf8e8
50.Kd2 Re8e2
51.Kd3 Re2xh2
52.b4 Bh5e8
53.Kc4 Kh5
54.Rg3e3 Be8f7
55.Kc5 Rh2c2
56.Kb6 Rc2c4
57.Re3e5 Kg6
58.b5 Rc4b4
59.Ka5 Rb4b1
60.b6 Rb1a1
61.Kb4 Ra1b1
{ draw }
1/2-1/2

[Event "Match"]
[Site "www.echecsemail.com"]
[Date "2015.04.30"]
[Round "1"]
[White "Cyrilgeorge"]
[Black "Swampcat"]
[WhiteElo "1429"]
[BlackElo "1230"]
[Result "1/2-1/2"]
[Round "1"]
1.e4 e6
2.e5 d5
3.d4 c5
4.Bf1b5 Bc8d7
5.Bb5xd7 Nb8xd7
6.c3 cxd4
7.cxd4 Bf8b4
8.Bc1d2 Qd8a5
9.Nb1c3 Ng8e7
10.Ng1e2 Ne7f5
11.O-O f6
12.Qd1a4 Qa5xa4
13.Nc3xa4 Bb4xd2
14.exf6 Nd7xf6
15.Rf1d1 Bd2b4
16.a3 Bb4d6
17.b4 b5
18.Na4c3 a6
19.g3 Bd6c7
20.f4 Nf5e3
21.Rd1d3 Ne3c4
22.a4 O-O
23.axb5 axb5
24.Ra1xa8 Rf8xa8
25.Nc3xb5 Bc7b6
26.Nb5c3 Nf6g4
27.h3 Ng4e3
28.Kf2 Ra8f8
29.Nc3a4 Bb6a7
30.Na4c5 Rf8b8
31.Nc5xe6 Rb8xb4
32.Ne6c5 Ba7xc5
33.dxc5 Rb4b8
34.Ne2c3 Kf7
35.Nc3xd5 Ne3xd5
36.Rd3xd5 Rb8c8
37.f5 Kf6
38.g4 Nc4e5
39.Ke3 Ne5c4
{ draw }
1/2-1/2

[Event "Match"]
[Site "www.echecsemail.com"]
[Date "2015.04.30"]
[Round "1"]
[White "Cardiff"]
[Black "Paco"]
[WhiteElo "1950"]
[BlackElo "1910"]
[Result "1-0"]
[Round "1"]
1.c4 d5
2.cxd5 Qd8xd5
3.Nb1c3 Qd5a5
4.d4 Bc8f5
5.e4 Bf5g6
6.Bc1d2 Qa5b6
7.Nc3d5 Qb6d6
8.Bd2f4 Qd6d7
9.Nd5xc7 Kd8
10.Nc7xa8 Nb8c6
11.Bf1b5 Bg6xe4
12.Ng1f3 Qd7c8
13.O-O Qc8xa8
14.Bb5xc6 bxc6
15.Nf3e5 Ke8
16.Qd1b3 e6
17.f3 Be4d5
18.Qb3c3 Ng8f6
19.Bf4g5 Qa8b7
20.a3 Bf8e7
21.b4 h6
22.Bg5xf6 gxf6
23.Ne5d3 Qb7b5
24.a4 Qb5c4
25.Qc3xc4 Bd5xc4
26.Rf1d1 e5
27.dxe5 fxe5
28.Nd3xe5 Bc4a6
29.Ne5xc6 Be7f6
30.Rd1e1 Kf8
31.Ra1c1 Bf6g5
32.Rc1d1 Kg7
33.b5 Ba6b7
34.Nc6xa7 Rh8d8
35.Rd1xd8 Bg5xd8
36.Na7c6 Bd8b6
37.Kf1 h5
38.Re1e7 Bb7c8
39.a5 Bb6c5
40.Re7e5 Kg6
41.Re5xc5 { resign }
1-0

[Event "Tourn. n8170"]
[Site "www.chess-mail.com"]
[Date "2015.04.30"]
[Round "1"]
[White "Cardiff"]
[Black "Cathar"]
[WhiteElo "2040"]
[BlackElo "2240"]
[Result "1/2-1/2"]
[Round "1"]
1.e4 Ng8f6
2.e5 Nf6d5
3.Nb1c3 Nd5xc3
4.dxc3 d6
5.Bc1f4 Nb8c6
6.Ng1f3 Bc8g4
7.Bf1b5 a6
8.Bb5xc6 bxc6
9.h3 Bg4d7
10.O-O g6
11.Rf1e1 d5
12.Qd1d2 Bf8g7
13.Bf4h6 O-O
14.Bh6xg7 Kxg7
15.Qd2d4 Kg8
16.c4 Ra8b8
17.b3 Bd7e6
18.Nf3g5 dxc4
19.Ng5xe6 fxe6
20.Qd4xc4 Qd8d5
21.Qc4xd5 { draw }
1/2-1/2

[Event "Tourn. n8124"]
[Site "www.chess-mail.com"]
[Date "2015.04.30"]
[Round "1"]
[White "Drdoom"]
[Black "Chessexpert"]
[WhiteElo "1770"]
[BlackElo "1600"]
[Result "1/2-1/2"]
[Round "1"]
1.e4 e5
2.Ng1f3 Ng8f6
3.Nf3xe5 d6
4.Ne5f3 Nf6xe4
5.d3 Ne4f6
6.h3 Bf8e7
7.Bf1e2 O-O
8.O-O Nb8c6
9.a3 Rf8e8
10.c4 Nc6e5
11.Nf3xe5 dxe5
12.Nb1c3 c6
13.Be2f3 h6
14.Qd1e2 Be7d6
15.Bc1d2 Bd6c7
16.Rf1d1 Qd8e7
17.Rd1e1 Qe7d8
18.Ra1d1 Bc8d7
19.b4 Bd7f5
20.Bd2c1 Qd8d7
21.Nc3e4 Bf5xe4
22.dxe4 Qd7e7
23.Bc1b2 { draw }
1/2-1/2

[Event "Tourn. n8070"]
[Site "www.chess-mail.com"]
[Date "2015.04.30"]
[Round "1"]
[White "Thurgau"]
[Black "Tartan"]
[WhiteElo "2710"]
[BlackElo "2360"]
[Result "1-0"]
[Round "1"]
1.e4 c5
2.Ng1f3 Nb8c6
3.d4 cxd4
4.Nf3xd4 g6
5.c4 Ng8f6
6.Nb1c3 d6
7.Bf1e2 Nc6xd4
8.Qd1xd4 Bf8g7
9.Bc1e3 O-O
10.Qd4d2 Bc8e6
11.O-O Qd8a5
12.Ra1b1 Rf8c8
13.b3 Nf6g4
14.Nc3d5 Qa5xd2
15.Be3xd2 Kf8
16.Bd2g5 Ng4f6
17.Nd5xf6 Bg7xf6
18.Bg5xf6 exf6
19.Rb1d1 Ke7
20.f4 b5
21.f5 Be6d7
22.cxb5 Rc8c5
23.a4 gxf5
24.exf5 Bd7xf5
25.Rf1e1 Bf5e6
26.b4 Rc5e5
27.Kf2 Ra8g8
28.Rd1c1 Be6d5
29.Be2f3 Bd5xf3
30.Kxf3 Kd7
31.g3 Rg8e8
32.Re1f1 Re5f5
33.Kg2 Re8e2
34.Kg1 Rf5xf1
35.Rc1xf1 Re2a2
36.a5 Ke6
37.Rf1e1 Kd7
38.Re1c1 Ra2b2
39.Rc1c4 d5
40.Rc4f4 Ke6
41.b6 { resign }
1-0

[Event "Tourn. n8132"]
[Site "www.chess-mail.com"]
[Date "2015.04.30"]
[Round "1"]
[White "Ochoreales"]
[Black "Bigoak"]
[WhiteElo "1990"]
[BlackElo "1920"]
[Result "1-0"]
[Round "1"]
1.e4 c6
2.d4 d5
3.e5 Bc8f5
4.Ng1f3 e6
5.Bf1e2 Nb8d7
6.O-O Qd8c7
7.Bc1e3 O-O-O
8.Nb1d2 f6
9.c4 dxc4
10.Nd2xc4 Bf8b4
11.a3 Bb4a5
12.Nc4d6 Kb8
13.Nd6f7 Nd7xe5
14.Nf7xh8 Ne5g4
15.b4 Ng8h6
16.bxa5 Rd8xh8
17.Be3d2 Bf5e4
18.g3 Ka8
19.a6 b6
20.Bd2f4 Qc7e7
21.h3 e5
22.dxe5 Ng4xe5
23.Nf3xe5 fxe5
24.Bf4xh6 gxh6
25.Be2f3 { resign }
1-0

[Event "Tourn. n7847"]
[Site "www.chess-mail.com"]
[Date "2015.04.30"]
[Round "1"]
[White "Crull"]
[Black "Johnmcbride"]
[WhiteElo "1810"]
[BlackElo "1780"]
[Result "1-0"]
[Round "1"]
1.d4 d5
2.c4 dxc4
3.Ng1f3 e6
4.Nb1c3 a6
5.e4 b5
6.a4 c6
7.axb5 cxb5
8.Nc3xb5 Bc8b7
9.e5 Nb8c6
10.Nb5c3 Nc6a5
11.Qd1a4 Na5c6
12.Bf1xc4 Bf8e7
13.O-O Qd8b6
14.b3 Be7b4
15.Nc3e4 Ng8e7
16.Bc1e3 O-O
17.Ne4d6 Bb4c3
18.Ra1a2 Nc6b4
19.Ra2a3 Bc3b2
20.Nd6xb7 Bb2xa3
21.Qa4xa3 Qb6xb7
22.Qa3c1 Rf8c8
23.Qc1b1 h6
24.Rf1d1 a5
25.Nf3d2 Ne7d5
26.Nd2e4 Qb7e7
27.Bc4xd5 Nb4xd5
28.Be3d2 Rc8c7
29.Ne4c5 Rc7c6
30.Qb1e4 Rc6b6
31.h3 Qe7a7
32.Qe4g4 Kf8
33.Rd1b1 Nd5b4
34.Qg4e4 Ra8b8
35.Nc5a4 Rb6b7
36.Na4c5 Rb7c7
37.Qe4f4 Nb4d5
38.Qf4e4 Nd5b4
39.Bd2xb4 Rb8xb4
40.Qe4f4 Rc7e7
41.Qf4e4 Kg8
42.Rb1c1 Re7e8
43.Rc1c3 Re8d8
44.Rc3d3 Rd8d5
45.g4 a4
46.bxa4 Rb4b1
47.Kg2 Qa7b6
48.Qe4f3 Qb6b4
49.Qf3e3 Rb1e1
50.Qe3f3 Rd5xd4
51.Rd3c3 Rd4c4
52.Rc3xc4 Qb4xc4
53.Nc5d3 Qc4xa4
54.Nd3c5 Qa4a1
55.Kg3 Qa1xe5
56.Kg2 Qe5xc5
57.Qf3a8 Kh7
58.Qa8f3 f6
59.Qf3d3 Kh8
60.Qd3d8 Kh7
61.Qd8d3 f5
62.gxf5 Qc5c6
63.f3 Qc6e8
64.f6 g6
65.Qd3c3 Re1e2
66.Kg3 Qe8b8
67.f4 Re2e4
68.Qc3f3 Qb8b1
69.Kg4 Qb1g1
70.Kh4 Qg1b1
71.Qf3g3 e5
72.Qg3c3 Re4xf4
73.Kg3 Qb1f1
74.Qc3c7 Kg8
75.Qc7g7 
1-0

[Event "Match"]
[Site "www.echecsemail.com"]
[Date "2015.04.30"]
[Round "1"]
[White "Whitekknight"]
[Black "Andradamaria"]
[WhiteElo "1860"]
[BlackElo "2119"]
[Result "1/2-1/2"]
[Round "1"]
1.e4 c5
2.Ng1f3 d6
3.d4 cxd4
4.Nf3xd4 Ng8f6
5.Nb1c3 a6
6.Bf1d3 e5
7.Nd4f3 Bc8e6
8.Nf3g5 h6
9.Ng5xe6 fxe6
10.O-O Bf8e7
11.Bc1e3 O-O
12.h3 d5
13.exd5 exd5
14.Be3d2 Nb8c6
15.a3 Ra8c8
16.Bd3f5 Rc8c7
17.Nc3e2 Nf6h5
18.Bf5g4 Nh5f4
19.Ne2xf4 exf4
20.b4 Be7f6
21.c3 { draw }
1/2-1/2

[Event "Match"]
[Site "www.echecsemail.com"]
[Date "2015.04.30"]
[Round "1"]
[White "Raulazo"]
[Black "Drdoom"]
[WhiteElo "1589"]
[BlackElo "1650"]
[Result "1-0"]
[Round "1"]
1.e4 e5
2.Ng1f3 Nb8c6
3.Bf1c4 h6
4.c3 Ng8f6
5.Bc4d5 Bf8d6
6.Qd1b3 O-O
7.Nf3h4 Nf6xe4
8.Nh4g6 { resign }
1-0

[Event "Tourn. n8162"]
[Site "www.chess-mail.com"]
[Date "2015.05.01"]
[Round "1"]
[White "Anja"]
[Black "Oliverio"]
[WhiteElo "1670"]
[BlackElo "1610"]
[Result "0-1"]
[Round "1"]
1.d4 Ng8f6
2.Ng1f3 d6
3.Bc1f4 Bc8g4
4.e3 Nb8c6
5.Nb1d2 e5
6.dxe5 dxe5
7.Bf4g3 e4
8.h3 Bg4h5
9.Bf1e2 exf3
10.Nd2xf3 Bf8e7
11.O-O O-O
12.c3 Nf6e4
13.Bg3h2 Be7d6
14.Bh2xd6 Qd8xd6
15.Nf3d4 Bh5g6
16.Be2d3 Nc6e5
17.Bd3xe4 Bg6xe4
{ resign }
0-1

[Event "Tourn. n8199"]
[Site "www.chess-mail.com"]
[Date "2015.05.01"]
[Round "1"]
[White "Anja"]
[Black "Julianlore"]
[WhiteElo "1680"]
[BlackElo "1799"]
[Result "0-1"]
[Round "1"]
1.d4 Ng8f6
2.Ng1f3 e6
3.Bc1f4 c5
4.c3 Nb8c6
5.Nb1d2 d5
6.e3 Bf8e7
7.Ra1c1 b6
8.Bf1d3 O-O
9.O-O Bc8b7
10.Rf1e1 Nf6h5
11.c4 Nh5xf4
12.exf4 Nc6xd4
13.Nf3xd4 cxd4
14.cxd5 Qd8xd5
15.Nd2f3 Qd5d6
16.Nf3xd4 Ra8d8
17.Re1e4 Bb7xe4
{ resign }
0-1

[Event "Tourn. n8159"]
[Site "www.chess-mail.com"]
[Date "2015.05.01"]
[Round "1"]
[White "Anja"]
[Black "Easychess"]
[WhiteElo "1670"]
[BlackElo "1500"]
[Result "0-1"]
[Round "1"]
1.Ng1f3 Ng8f6
2.d4 g6
3.Bc1f4 d6
4.c4 Bf8g7
5.Nb1c3 O-O
6.e4 Nb8d7
7.Bf1d3 c5
8.O-O cxd4
9.Nf3xd4 e5
10.Nd4b5 exf4
11.Nb5xd6 Nd7e5
12.c5 f3
13.g3 Qd8d7
14.Kh1 Qd7h3
15.Rf1g1 Ne5g4
{ resign }
0-1

[Event "Tourn. n8137"]
[Site "www.chess-mail.com"]
[Date "2015.05.01"]
[Round "1"]
[White "Imkrebsgang"]
[Black "Ditto"]
[WhiteElo "1850"]
[BlackElo "1710"]
[Result "1-0"]
[Round "1"]
1.d4 e6
2.c4 Ng8f6
3.d5 exd5
4.cxd5 Bf8c5
5.h3 d6
6.Qd1d3 O-O
7.Bc1g5 Nb8d7
8.Nb1c3 Nd7e5
9.Qd3c2 Rf8e8
10.O-O-O a6
11.Ng1f3 Ne5xf3
12.gxf3 Re8e5
13.f4 Re5e8
14.Rh1g1 Bc5xf2
15.Rg1g2 Bf2c5
16.Nc3e4 Bc5e3
17.Kb1 Bc8f5
18.Ne4xf6 gxf6
19.Bg5xf6 Bf5g6
20.Bf6xd8 Ra8xd8
21.f5 Re8e5
22.fxg6 fxg6
23.Qc2xc7 Rd8f8
24.Qc7xd6 Re5f5
25.Qd6e6 Kg7
26.Qe6xe3 Rf8c8
27.Qe3e7 Rf5f7
28.Qe7e5 Kg8
29.e4 Rc8f8
30.Bf1c4 Rf7f6
31.d6 Kg7
32.d7 b5
33.Bc4e6 Rf8d8
34.Rg2f2 { resign }
1-0

[Event "Tourn. n8118"]
[Site "www.chess-mail.com"]
[Date "2015.05.01"]
[Round "1"]
[White "Zazi"]
[Black "Powerchess"]
[WhiteElo "1540"]
[BlackElo "1400"]
[Result "1-0"]
[Round "1"]
1.g4 d5
2.Bf1g2 c6
3.d4 Bc8xg4
4.f3 Bg4h5
5.c3 Ng8f6
6.Qd1b3 Qd8b6
7.Nb1d2 e6
8.Ng1h3 Nb8d7
9.Nh3f4 Bh5g6
10.h4 Bf8d6
11.Nf4xg6 hxg6
12.Qb3c2 c5
13.dxc5 Bd6xc5
14.Kd1 Ra8c8
15.Nd2b3 Bc5d6
16.a4 Nd7e5
17.f4 Ne5c4
18.a5 Qb6c6
19.Ke1 Qc6c7
20.a6 b6
21.Ra1a4 Bd6xf4
22.Bc1xf4 Qc7xf4
23.Nb3c1 Nc4e3
24.Qc2b3 Ne3xg2
25.Kd1 Ng2e3
26.Ke1 Qf4g3
27.Kd2 Nf6e4
28.Ra4xe4 dxe4
29.Qb3b5 Ke7
30.Qb5b4 Kf6
31.Qb4xe4 Rc8d8
32.Nc1d3 Ne3f5
33.Qe4b7 Qg3e3
34.Kd1 Rd8xd3
35.exd3 Qe3xd3
36.Kc1 Rh8xh4
37.Rh1xh4 Nf5xh4
38.Qb7xa7 Nh4f3
39.Qa7xb6 Nf3e1
40.Qb6f2 Ne1f3
41.a7 { resign }
1-0

[Event "Tourn. n8071"]
[Site "www.chess-mail.com"]
[Date "2015.05.01"]
[Round "1"]
[White "Blackpool"]
[Black "Nham"]
[WhiteElo "2030"]
[BlackElo "2100"]
[Result "0-1"]
[Round "1"]
1.e4 e5
2.Ng1f3 f5
3.Nf3xe5 Nb8c6
4.Ne5xc6 dxc6
5.e5 Qd8d5
6.d4 Bc8e6
7.Nb1c3 Bf8b4
8.Bf1e2 O-O-O
9.O-O Qd5xd4
10.Qd1xd4 Rd8xd4
11.Bc1e3 Rd4d7
12.Nc3a4 Ng8h6
13.Na4c5 Bb4xc5
14.Be3xc5 Nh6f7
15.f4 b6
16.Bc5e3 Rh8d8
17.a3 Kb7
18.Rf1d1 Rd7xd1
19.Ra1xd1 Rd8xd1
20.Be2xd1 Nf7d8
21.Kf2 Be6d5
22.b3 Nd8e6
23.Bd1e2 Bd5e4
24.Be2d1 c5
25.g3 Kc6
26.c4 Kd7
27.g4 g6
28.h3 c6
29.gxf5 gxf5
30.b4 cxb4
31.axb4 c5
32.bxc5 bxc5
33.Bd1a4 Ke7
34.h4 Be4d3
35.Ba4b5 Ne6c7
36.Be3xc5 Ke6
37.Bc5xa7 Nc7xb5
38.Ba7e3 Bd3xc4
{ resign }
0-1

[Event "Tourn. n8179"]
[Site "www.chess-mail.com"]
[Date "2015.05.01"]
[Round "1"]
[White "Anja"]
[Black "Derfel83"]
[WhiteElo "1640"]
[BlackElo "1820"]
[Result "0-1"]
[Round "1"]
1.d4 Ng8f6
2.Ng1f3 d5
3.Bc1f4 h6
4.e3 e6
5.Nb1d2 b6
6.Bf1d3 Nb8d7
7.O-O c5
8.c3 c4
9.Bd3c2 Nf6h5
10.Nf3e5 Nh5xf4
11.exf4 Bf8d6
12.Qd1g4 Bd6xe5
13.fxe5 Qd8g5
14.Qg4f3 Qg5xd2
15.Qf3d1 Qd2xd1
16.Ra1xd1 O-O
17.f4 f6
18.exf6 Nd7xf6
19.f5 Nf6g4
{ resign }
0-1

[Event "Tourn. n8125"]
[Site "www.chess-mail.com"]
[Date "2015.05.01"]
[Round "1"]
[White "Averoes"]
[Black "Difficult"]
[WhiteElo "2140"]
[BlackElo "2150"]
[Result "1/2-1/2"]
[Round "1"]
1.d4 Ng8f6
2.c4 e6
3.Ng1f3 Bf8b4
4.Bc1d2 a5
5.g3 b6
6.Bf1g2 Bc8b7
7.O-O O-O
8.Bd2g5 h6
9.Bg5xf6 Qd8xf6
10.a3 Bb4e7
11.Nb1c3 d6
12.e4 e5
13.d5 Nb8d7
14.Nf3h4 Rf8e8
15.f4 Be7f8
16.fxe5 Qf6xe5
17.Nc3b5 Ra8c8
18.Nb5d4 Nd7f6
19.Rf1f5 Qe5e7
20.Rf5f4 g6
21.Qd1d3 Bf8g7
22.Ra1f1 Re8f8
23.Bg2h3 Rc8d8
24.Qd3f3 Nf6d7
25.Nd4e6 fxe6
26.Nh4xg6 Qe7g5
27.Bh3xe6 Kh7
28.Ng6xf8 Nd7xf8
29.Be6f5 Kh8
30.h4 Qg5e7
31.Qf3g4 Bg7e5
32.Rf4f3 Qe7g7
{ draw }
1/2-1/2

[Event "Match"]
[Site "www.echecsemail.com"]
[Date "2015.05.01"]
[Round "1"]
[White "Generalfree"]
[Black "Crush"]
[WhiteElo "1790"]
[BlackElo "1670"]
[Result "0-1"]
[Round "1"]
1.e4 e5
2.Ng1f3 Nb8c6
3.Bf1c4 d6
4.d3 Bc8e6
5.Bc4xe6 fxe6
6.Nb1c3 Ng8f6
7.Bc1g5 h6
8.Bg5h4 Bf8e7
9.h3 O-O
10.Qd1d2 Nc6d4
11.Nf3xd4 exd4
12.Nc3b5 c6
13.Nb5xd4 Qd8b6
14.Nd4xe6 Rf8f7
15.Bh4xf6 Rf7xf6
16.Ne6f4 g5
17.Nf4h5 Rf6f7
18.b3 d5
19.exd5 cxd5
20.O-O Qb6c6
21.a4 d4
22.f4 gxf4
23.Nh5xf4 Be7g5
24.g3 Rf7g7
25.h4 Bg5xh4
26.Nf4h5 Rg7g5
27.Nh5f6 Kh8
28.g4 Qc6c5
29.Nf6d7 Qc5d5
30.Nd7f6 Qd5e5
31.Rf1f5 Qe5g3
32.Kf1 Rg5g6
33.Nf6e4 Qg3h3
34.Ke2 Qh3xg4
35.Rf5f3 Qg4g2
36.Rf3f2 Bh4xf2
37.Qd2d1 Bf2e3
38.Ke1 Qg2g1
{ resign }
0-1